Manchester United Squad in Age Order (24/25) - Statistics

General Stats
  • This quiz has been taken 48 times
  • The average score is 15 of 29
Answer Stats
Hint Answer % Correct
36 Jonny Evans
86%
38 Tom Heaton
86%
32 Casemiro
68%
20 Alejandro Garnacho
62%
32 Christian Eriksen
62%
19 Kobbie Mainoo
62%
30 Bruno Fernandes
59%
31 Harry Maguire
57%
29 Luke Shaw
57%
26 Marcus Rashford
57%
28 André Onana
54%
25 Diogo Dalot
51%
23 Joshua Zirkzee
51%
26 Noussair Mazraoui
51%
24 Antony
49%
25 Mason Mount
49%
25 Matthijs de Ligt
49%
21 Rasmus Højlund
49%
26 Altay Bayındır
46%
26 Lisandro Martinez
46%
25 Tyrell Malacia
46%
30 Victor Lindelöf
46%
18 Leny Yoro
43%
22 Amad Diallo
41%
17 Harry Amass
41%
23 Manuel Ugarte
41%
20 Toby Collyer
41%
18 Ethan Wheatley
35%
20 Daniel Gore
24%
No matching quizzes found
Score Distribution
Percent of People with Each Score
Percentile by Number Answered
Your Score History
You have not taken this quiz